Statistiques concernant Pays avec les lettres A et Z

Cliquez ici pour prendre le quiz!

Statistiques générales

  • Ce quiz a été pris 499 fois
    (494 depuis la dernière actualisation)
  • Le résultat moyen est 7 sur 11

Statistiques - réponses

Réponse% Correct
Zambie
89%
Zimbabwe
89%
Azerbaïdjan
85%
Kazakhstan
74%
Ouzbékistan
69%
Mozambique
61%
Nouvelle-Zélande
57%
Kirghizistan
54%
Tanzanie
51%
Venezuela
51%
Swaziland
26%

Distribution des résultats

Percentile par nombre de réponses

% des personnes avec chaque résultat

Votre développement - résultats

Vous n’avez pas pris ce quiz depuis la dernière actualisation